Enunciación

Saved in:
Bibliographic Details
Main Author: Filinich, María Isabel (Author)
Format: Book
Language:Spanish
Published: Buenos Aires Eudeba 1998
Series:Enciclopedia Semiológica
Subjects:
Tags: Add Tag
No Tags, Be the first to tag this record!

MARC

LEADER 00000nam a2200000 a 4500
001 UCN2342
003 CL-VaPUC
008 010518e19980000AG |||||||||||||||||spa|d
082 0 4 |a 401.41  |b FIL  |2 21 
100 0 |a Filinich, María Isabel  |e author  |9 458114 
245 1 0 |a Enunciación 
300 |a 115 p 
942 |c BK 
945 |d 20010518 00:00:00  |a vberengu 
260 |a Buenos Aires  |b Eudeba  |c 1998 
650 0 |a Análisis del discurso  |9 256696 
650 0 |a Lingüística  |9 265068 
650 7 |a ESPACIO Y TIEMPO LINGUISTICA  |2 CL-VaPUC  |9 458115 
583 |a last modification  |c 20010518 00:00:00  |k Rodrigo Vera 
490 0 |a Enciclopedia Semiológica 
999 |c 295449  |d 295447 
952 |0 0  |1 0  |4 0  |6 401_410000000000000_FIL_1998  |7 0  |8 A  |9 348477  |a FDOPOS  |b FDOPOS  |d 2019-11-20  |i 3728838  |l 3  |o 401.41 FIL 1998  |p 3728838  |r 2025-01-22  |s 2022-06-01  |w 2019-11-20  |y BK  |k MLA